The plays of oscar wilde

Bibliographic Details
Main Author: Wilde, Oscar
Format: Book
Published: India : Fortune Books , 2004
Series:Fortune illustrated classics
Subjects:

MARC

LEADER 00000cam a2200000 7i4500
001 0000009996
005 20160330.0
008 071009
020 |a 8181991125 
090 0 0 |a WIL   |b ENG (7269) 
100 1 |a Wilde, Oscar 
245 1 4 |a The plays of oscar wilde   |c Oscar Wilde 
260 |a India :   |b Fortune Books ,   |c 2004 
440 |a Fortune illustrated classics 
500 |a Teenager ages 13-18 years old (blue) 
650 0 |a English fiction 
650 0 |a Teenagers   |x English   |x Languages 
999 |a 0001000156   |b Book   |c Teenagers   |e Perbadanan Perpustakaan Awam Johor 
999 |a 0001000157   |b Book   |c Teenagers   |e Perbadanan Perpustakaan Awam Johor